[Event "Bundesliga 1112"]
[Site "Germany"]
[Date "2011.11.19"]
[Round "4.6"]
[White "Klyuner, Vyacheslav"]
[Black "Hracek, Zbynek"]
[Result "0-1"]
[WhiteElo "2428"]
[BlackElo "2624"]
[PlyCount "122"]
[EventDate "2011.10.14"]
[EventType "team-tourn"]
[EventRounds "15"]
[EventCountry "GER"]
[SourceTitle "CBM 146"]
[Source "ChessBase"]
[SourceDate "2012.01.18"]
[SourceVersion "1"]
[SourceVersionDate "2012.01.18"]
[SourceQuality "1"]
[WhiteTeam "Dortmund Hansa"]
[BlackTeam "Werder Bremen"]
[WhiteTeamCountry "GER"]
[BlackTeamCountry "GER"]

1. e4 c5 2. Nf3 d6 3. Nc3 e6 4. g3 Nf6 5. Bg2 Nc6 6. 0-0 Be7 7. d4 cxd4 8. Nxd4 Bd7 9. h3 0-0 10. g4 Nxd4 11. Qxd4 Bc6 12. a4 a6 13. a5 Nd7 14. Be3 Rc8 15. Qd2 Ne5 16. b3 Ng6 17. Na4 Nh4 18. Nb6 Nxg2 19. Nxc8 Qxc8 20. Kxg2 Bxe4+ 21. f3 Bc6 22. c4 e5 23. Bg5 f6 24. Bh4 Qe6 25. Kh2 g5 26. Be1 f5 27. Qe2 h5 28. gxh5 Kf7 29. Bc3 Rh8 30. f4 g4 31. hxg4 fxg4 32. Kg3 Rxh5 33. Qxg4 Bh4+ 34. Qxh4 Rxh4 35. fxe5+ Ke8 36. Kxh4 Qh6+ 37. Kg4 Bd7+ 38. Kg3 Qh3+ 39. Kf4 Qxc3 40. exd6 Qxb3 41. Rae1+ Kd8 42. Re4 Bc6 43. Rd4 Qc3 44. Rfd1 Kd7 45. R1d2 Qf3+ 46. Ke5 Qh5+ 47. Kf4 Qh4+ 48. Kf5 Be4+ 49. Ke5 Qe1 50. Kf4 Bg6 51. Kf3 Qe5 52. Kf2 Bh5 53. Kg2 Qxa5 54. Rf2 Qg5+ 55. Kh2 a5 56. Rff4 Bg6 57. Rg4 Qe5+ 58. Kg2 a4 59. c5 a3 60. Rb4 Qd5+ 61. Kg3 a2 0-1

[Event "BEL-chT 1112"]
[Site "Belgium"]
[Date "2011.11.06"]
[Round "3.6"]
[White "Klyuner, Vyacheslav"]
[Black "Noiroux, Kevin"]
[Result "1-0"]
[WhiteElo "2428"]
[BlackElo "2211"]
[PlyCount "69"]
[EventDate "2011.10.09"]
[EventType "team-tourn"]
[EventRounds "11"]
[EventCountry "BEL"]
[SourceTitle "EXT 2012"]
[Source "ChessBase"]
[SourceDate "2011.11.24"]
[SourceVersion "1"]
[SourceVersionDate "2011.11.24"]
[SourceQuality "1"]
[WhiteTeam "Ans"]
[BlackTeam "Amay"]
[WhiteTeamCountry "BEL"]
[BlackTeamCountry "BEL"]

1. e4 d5 2. exd5 Qxd5 3. Nc3 Qa5 4. Nf3 Nf6 5. h3 Nc6 6. Bb5 Bd7 7. 0-0 a6 8. Bc4 e6 9. d4 Bb4 10. Bd2 0-0 11. a3 Bxc3 12. Bxc3 Qh5 13. Re1 Rad8 14. Bd2 b5 15. Bd3 Bc8 16. c3 h6 17. Bf4 Rd7 18. Qd2 Bb7 19. Ne5 Rdd8 20. Nxc6 Bxc6 21. Re5 g5 22. Bxg5 Nd7 23. Bxd8 Nxe5 24. dxe5 Rxd8 25. Bh7+ Kxh7 26. Qxd8 Qxe5 27. Qd3+ f5 28. Qe3 Qd5 29. f3 e5 30. Re1 e4 31. fxe4 fxe4 32. Rf1 Qd7 33. Rf6 Bd5 34. Qxh6+ Kg8 35. Rf8# 1-0

[Event "NED-chT 1011"]
[Site "Netherlands"]
[Date "2011.03.12"]
[Round "7.4"]
[White "Siebrecht, Sebastian"]
[Black "Klyuner, Vyacheslav"]
[Result "1-0"]
[WhiteElo "2435"]
[BlackElo "2448"]
[PlyCount "61"]
[EventDate "2010.09.25"]
[EventType "team"]
[EventRounds "9"]
[EventCountry "NED"]
[SourceTitle "EXT 2012"]
[Source "ChessBase"]
[SourceDate "2011.11.24"]
[SourceVersion "1"]
[SourceVersionDate "2011.11.24"]
[SourceQuality "1"]
[WhiteTeam "Homburg Apeldoorn"]
[BlackTeam "Enschede Braceland"]
[WhiteTeamCountry "NED"]
[BlackTeamCountry "NED"]

1. d4 Nf6 2. c4 e6 3. Nf3 Bb4+ 4. Bd2 Qe7 5. Qc2 Bxd2+ 6. Nbxd2 d6 7. e4 e5 8. Be2 0-0 9. 0-0 Bg4 10. Rfe1 Nbd7 11. Bf1 a5 12. b3 Rfe8 13. a3 g6 14. Qc3 Bxf3 15. Nxf3 exd4 16. Nxd4 Nxe4 17. Qc2 Ndc5 18. Rad1 Qf6 19. Nb5 c6 20. Nc7 Qc3 21. Qb1 Nd2 22. Rxd2 Rxe1 23. Qxe1 Rc8 24. Ne8 Ne4 25. Qxe4 Qxd2 26. Qe7 d5 27. Nf6+ Kg7 28. Qe5 Qc1 29. Nxd5+ Kh6 30. Ne3 f5 31. Qf4+ 1-0